| 000 | 00539nam a2200121Ia 4500 | ||
|---|---|---|---|
| 008 | 220615s9999||||xx |||||||||||||| ||und|| | ||
| 100 | _aEuropean Investment Bank | ||
| 245 | 0 | _aEIB Group Activity Report 2019 | |
| 546 | _aEnglish[eng] | ||
| 650 | _aBusiness & Economics||Finance | ||
| 856 | _uhttps://library.oapen.org/bitstream/20.500.12657/47449/1/QHBF20001ENN.en.pdf||https://library.oapen.org/bitstream/20.500.12657/47449/1/QHBF20001ENN.en.pdf||https://library.oapen.org/bitstream/20.500.12657/47449/1/QHBF20001ENN.en.pdf | ||
| 942 | _cEB | ||
| 999 |
_c18190 _d18190 |
||